000 00280nam a22001097a 4500
005 20230823145519.0
008 230823b |||||||| |||| 00| 0 eng d
022 _a9770973265003
245 _aTHE IUP JOURNAL OF ENTREPRENEURSHIP DEVELOPMENT
260 _aHYDERABAD
_bIUP
942 _cJRL
999 _c8413
_d8411